000 00699nam a2200205Ii 4500
003 JO-AjNU
008 230605s9999||||xx |||||||||||||| ||und||
040 _aJO-AjNU
_bara
_erda
_cJO-AjNU
041 _aara
050 1 4 _aBP144.M3734 1987
100 3 _aسلمان، مشهور حسن محمود,
_eauthor
_941058
245 0 0 _aالمحاماة : تاريخها في النظم و موقف الشريعة الإسلامية منها
250 _aط1
264 3 1 _aعمان: دار الفيحاء، 1987
300 _a297ص
336 _atext
_btxt
_2rdacontent
337 _aunmediated
_bn
_2rdamedia
338 _avolume
_bnc
_2rdacarrier
650 4 _aمحاماة- فقه اسلامي
_941059
999 _aA17474
_c21042
_d21042